Humanidades clásicas (Record no. 43983)

MARC details
000 -LEADER
campo de control de longitud fija 00516nam a2200145 i 4500
001 - NÚMERO DE CONTROL
campo de control 43983
003 - IDENTIFICADOR DE NÚMERO DE CONTROL
campo de control ES-MaACL
007 - CAMPO FIJO DE DESCRIPCIÓN FÍSICA--INFORMACIÓN GENERAL
campo de control de longitud fija t|
008 - DATOS DE LONGITUD FIJA--INFORMACIÓN GENERAL
campo de control de longitud fija 030320s1940 sp ||||1| spa d
100 1# - ENTRADA PRINCIPAL--NOMBRE DE PERSONA
Nombre de persona Cayuela, Arturo María.
9 (RLIN) 37216
245 10 - MENCIÓN DEL TÍTULO
Título Humanidades clásicas
Resto del título : análisis de sus aptitudes para constituir la base de unos estudios esencialmente formativos /
Mención de responsabilidad, etc. Arturo María Cayuela.
260 ## - PUBLICACIÓN, DISTRIBUCIÓN, ETC.
Lugar de publicación, distribución, etc. Zaragoza :
Nombre del editor, distribuidor, etc. [s.n.,
Fecha de publicación, distribución, etc. 1940] (
Lugar de fabricación/manufactura Santander :
Fabricante Aldus)
300 ## - DESCRIPCIÓN FÍSICA
Extensión 826 p. ;
Dimensiones 25 cm.
852 ## - LOCALIZACIÓN
Ubicación ES-MaACL
Número de control de estantería E-1722
Sublocalización o colección R.22550
Holdings
Estatus retirado Estado de pérdida Estado de daño No para préstamo Biblioteca de origen Biblioteca actual Ubicación en estantería Fecha de adquisición Fuente de adquisición Total de préstamos Signatura topográfica completa Código de barras Visto por última vez Precio de reemplazo Tipo de ítem Koha
        Biblioteca del Ateneo de Madrid Biblioteca del Ateneo de Madrid Depósito 2 17/01/2008     E-1722 1046295 23/02/2023 23/02/2023 Libro impreso